Globalization and the politics of resistance / (Record no. 715)

MARC details
000 -LEADER
fixed length control field 01214cam a22003134a 4500
001 - CONTROL NUMBER
control field 11803041
003 - CONTROL NUMBER IDENTIFIER
control field OSt
005 - DATE AND TIME OF LATEST TRANSACTION
control field 20141106151305.0
008 - FIXED-LENGTH DATA ELEMENTS--GENERAL INFORMATION
fixed length control field 991005s2000 nyu b 001 0 eng
010 ## - LIBRARY OF CONGRESS CONTROL NUMBER
LC control number 99051482
020 ## - INTERNATIONAL STANDARD BOOK NUMBER
Canceled/invalid ISBN 0333970306
040 ## - CATALOGING SOURCE
Original cataloging agency DLC
Transcribing agency DLC
Modifying agency DLC
042 ## - AUTHENTICATION CODE
Authentication code pcc
050 00 - LIBRARY OF CONGRESS CALL NUMBER
Classification number HF1418.5
Item number .G58184 2000
082 00 - DEWEY DECIMAL CLASSIFICATION NUMBER
Classification number 337
Edition number 21
Item number GLO 2000
245 00 - TITLE STATEMENT
Title Globalization and the politics of resistance /
Statement of responsibility, etc. edited by Barry K. Gills ; foreword by John Kenneth Galbraith.
260 ## - PUBLICATION, DISTRIBUTION, ETC. (IMPRINT)
Place of publication, distribution, etc. New York, N.Y. :
Name of publisher, distributor, etc. St. Martin's Press,
Date of publication, distribution, etc. 2000.
300 ## - PHYSICAL DESCRIPTION
Extent xxvi, 321 p. ;
Dimensions 23 cm.
440 #0 - SERIES STATEMENT/ADDED ENTRY--TITLE
Title International political economy series
9 (RLIN) 970
504 ## - BIBLIOGRAPHY, ETC. NOTE
Bibliography, etc Includes bibliographical references and index.
650 #0 - SUBJECT ADDED ENTRY--TOPICAL TERM
Topical term or geographic name as entry element International economic integration.
9 (RLIN) 1909
650 #0 - SUBJECT ADDED ENTRY--TOPICAL TERM
Topical term or geographic name as entry element Competition, International.
9 (RLIN) 1910
650 #0 - SUBJECT ADDED ENTRY--TOPICAL TERM
Topical term or geographic name as entry element Government, Resistance to.
9 (RLIN) 1911
650 #0 - SUBJECT ADDED ENTRY--TOPICAL TERM
Topical term or geographic name as entry element Social movements.
9 (RLIN) 961
700 1# - ADDED ENTRY--PERSONAL NAME
Personal name Gills, Barry K.,
Dates associated with a name 1956-
9 (RLIN) 1912
906 ## - LOCAL DATA ELEMENT F, LDF (RLIN)
a 7
b cbc
c orignew
d 1
e ocip
f 19
g y-gencatlg
942 ## - ADDED ENTRY ELEMENTS (KOHA)
Source of classification or shelving scheme Dewey Decimal Classification
Koha item type Short Loan
Holdings
Withdrawn status Lost status Source of classification or shelving scheme Damaged status Not for loan Home library Current library Date acquired Inventory number Total Checkouts Full call number Barcode Date last seen Price effective from Koha item type
    Dewey Decimal Classification     MUST Main Library MUST Main Library 06/11/2014 2003/19009   337 GLO 2000 2014-3317 06/11/2014 06/11/2014 Short Loan